[Event "London Classic Open 2019"]
[Site "London ENG"]
[Date "2019.11.29"]
[Round "1.60"]
[White "Stanisz, Patryk"]
[Black "Varsha Ramesh"]
[Result "1-0"]
[WhiteElo "2139"]
[BlackElo "1669"]
[WhiteFideId "1123106"]
[BlackFideId "45010900"]
[EventDate "2019.11.29"]

1. Nf3 Nf6 2. c4 e6 3. Nc3 d5 4. d4 Be7 5. Bf4 O-O 6. e3 c5 7. dxc5 Bxc5 8. Qc2
dxc4 9. Bxc4 Nc6 10. a3 a6 11. Rd1 Qe8 12. b4 Be7 13. Ba2 Nh5 14. Bb1 f5 15. Bc7
Qg6 16. O-O Nf6 17. Ba2 Kh8 18. Rd2 Ng4 19. Na4 Qf6 20. Nb6 Ra7 21. Bb8 Nxb8 22.
Nxc8 Ra8 23. Qc7 Nc6 24. Nxe7 Qxe7 25. Rd7 Qf6 26. Qxb7 Nce5 27. Nxe5 Qxe5 28.
Qc7 Qf6 29. h3 Ne5 30. Rd6 Rfe8 31. Rfd1 f4 32. exf4 Qxf4 33. Qb6 Qg5 34. Qe3
Qf5 35. Re1 Nf7 36. Rxe6 Rf8 37. Qe4 Qb5 38. Bc4 Qa4 39. Bb3 Qb5 40. a4 Qb8 41.
Re7 Nd6 42. Qe5 Nf5 43. Rf7 Re8 44. Qxe8+ Qxe8 45. Rxe8+ Rxe8 46. Rxf5 1-0

[Event "London Classic Open 2019"]
[Site "London ENG"]
[Date "2019.11.29"]
[Round "1.61"]
[White "Cotter, Len"]
[Black "Goh, Zi Han"]
[Result "0-1"]
[BlackTitle "CM"]
[WhiteElo "1665"]
[BlackElo "2134"]
[WhiteFideId "431419"]
[BlackFideId "5819156"]
[EventDate "2019.11.29"]

1. e4 c5 2. Nf3 d6 3. d4 cxd4 4. Nxd4 Nf6 5. Nc3 a6 6. Bg5 e6 7. f4 Qc7 8. Qf3
b5 9. O-O-O b4 10. Na4 Nbd7 11. Bd3 Bb7 12. Rhe1 Nc5 13. Nxc5 dxc5 14. Bxf6 gxf6
15. Nxe6 fxe6 16. Qh5+ Qf7 17. Qh3 Rd8 18. Bc4 Rxd1+ 19. Rxd1 Bc8 20. f5 Qg7 21.
fxe6 Qh6+ 22. Qxh6 Bxh6+ 23. Kb1 Ke7 24. c3 bxc3 25. bxc3 Bxe6 26. Be2 Rb8+ 27.
Ka1 Bf4 28. h3 Be5 29. Rc1 a5 30. a4 Rb3 31. Bd1 Bxc3+ 32. Ka2 Rb4+ 33. Ka3 Bb2# 0-1

[Event "London Classic Open 2019"]
[Site "London ENG"]
[Date "2019.11.29"]
[Round "1.62"]
[White "Sedykh, Mikhail"]
[Black "Jekel, Wolfgang"]
[Result "1-0"]
[WhiteElo "2134"]
[BlackElo "1662"]
[WhiteFideId "447498"]
[BlackFideId "4690370"]
[EventDate "2019.11.29"]

1. d4 d5 2. c4 c6 3. Nf3 Nf6 4. e3 g6 5. Nc3 Bg7 6. Bd3 O-O 7. O-O Bg4 8. h3 Bf5
9. Bxf5 gxf5 10. Qd3 e6 11. b4 Ne4 12. a4 Nd7 13. c5 Kh8 14. b5 Rg8 15. Ra2 Qf6
16. Ne2 Bh6 17. g3 Rg7 18. bxc6 bxc6 19. Qa6 Rag8 20. Qxc6 Nf8 21. Ne5 Qh4 22.
Kh2 Qh5 23. Qe8 Ng5 24. Ng1 Ng6 25. Qb5 Nxe5 26. dxe5 Ne4 27. c6 Nc3 28. Qb7
Nxa2 29. c7 Nxc1 30. c8=Q Rxc8 31. Qxc8+ Rg8 32. Qxc1 d4 33. f4 d3 34. Nf3 Qg6
35. Rg1 Rd8 36. Qc3 Qg8 37. Rd1 Qe8 38. Rxd3 Rxd3 39. Qxd3 Bf8 40. Qc4 Qb8 41.
g4 fxg4 42. hxg4 a5 43. Ng5 Qb2+ 44. Kg3 Qd2 45. Nxf7+ Kg8 46. Ng5 Qe1+ 47. Kg2
Qd2+ 48. Kf3 Qd1+ 49. Qe2 Qh1+ 50. Kg3 Qg1+ 51. Kh3 Bb4 52. Qf3 Bf8 53. Nxe6 h6
54. Qa8 Kf7 55. Qxf8+ Kxe6 56. Qxh6+ Ke7 57. Qd6+ Kf7 58. Kh4 Qxe3 59. Kg5 1-0

[Event "London Classic Open 2019"]
[Site "London ENG"]
[Date "2019.11.29"]
[Round "1.63"]
[White "Chidi, Lovina Sylvia"]
[Black "Marzano, Carlo"]
[Result "0-1"]
[WhiteElo "1641"]
[BlackElo "2128"]
[WhiteFideId "1270574"]
[BlackFideId "802980"]
[EventDate "2019.11.29"]

1. d4 d5 2. c4 dxc4 3. Nc3 a6 4. a4 Nc6 5. Nf3 e5 6. d5 Na5 7. Nxe5 Bd6 8. Nf3
Nf6 9. e4 O-O 10. Be2 Re8 11. Qc2 Nxe4 12. Nxe4 Bf5 13. O-O Bxe4 14. Qc3 Bxd5
15. Bg5 Qd7 16. Rae1 b6 17. Bd1 0-1

[Event "London Classic Open 2019"]
[Site "London ENG"]
[Date "2019.11.29"]
[Round "1.64"]
[White "Makkar, Rajat"]
[Black "Nergard, Ole-Kristian"]
[Result "1-0"]
[WhiteTitle "CM"]
[WhiteElo "2125"]
[BlackElo "1639"]
[WhiteFideId "36016810"]
[BlackFideId "1543156"]
[EventDate "2019.11.29"]

1. d4 Nf6 2. c4 e6 3. g3 Bb4+ 4. Bd2 c5 5. Bxb4 cxb4 6. Bg2 O-O 7. Nf3 Nc6 8.
O-O d6 9. Nbd2 Qe7 10. e4 e5 11. d5 Nb8 12. Ne1 a5 13. Nd3 Na6 14. a3 bxa3 15.
Rxa3 Qc7 16. Qe2 Nd7 17. Rfa1 Ndc5 18. Nxc5 Qxc5 19. Rxa5 Qb6 20. c5 dxc5 21.
Nc4 Qc7 22. Rb5 Bd7 23. d6 Qb8 24. Rba5 Ra7 25. Nxe5 Qxd6 26. Nxd7 Qxd7 27. Rxc5
Nxc5 28. Rxa7 Rc8 29. Bf3 g6 30. e5 Nd3 31. e6 fxe6 32. Rxb7 Rc1+ 33. Kg2 Qd6
34. Qe4 Rc2 35. Qh4 Rxf2+ 36. Kg1 h5 37. Qf6 Rg2+ 38. Kxg2 Ne1+ 39. Kh3 1-0

[Event "London Classic Open 2019"]
[Site "London ENG"]
[Date "2019.11.29"]
[Round "1.65"]
[White "Pattni, Kishan"]
[Black "Modi, Shyam Jagdish"]
[Result "0-1"]
[WhiteElo "1617"]
[BlackElo "2124"]
[WhiteFideId "420751"]
[BlackFideId "446025"]
[EventDate "2019.11.29"]

1. c4 g6 2. d4 Nf6 3. Nc3 Bg7 4. e4 d6 5. Be2 O-O 6. Be3 e5 7. d5 Na6 8. g4 Nc5
9. Bxc5 dxc5 10. g5 Ne8 11. Qd2 Nd6 12. h4 f5 13. gxf6 Qxf6 14. f3 h5 15. O-O-O
Kh7 16. Kb1 Bh6 17. Qd3 a6 18. Rf1 b5 19. cxb5 c4 20. Qc2 axb5 21. Nd1 b4 22.
Bxc4 Nxc4 23. Qxc4 Ba6 24. Qxc7+ Rf7 25. Qa5 Bd3+ 0-1

[Event "London Classic Open 2019"]
[Site "London ENG"]
[Date "2019.11.29"]
[Round "1.66"]
[White "Bates, Caspar J"]
[Black "Voiculescu-Holvad, Stefan"]
[Result "1-0"]
[WhiteElo "2120"]
[BlackElo "1614"]
[WhiteFideId "414760"]
[BlackFideId "20692005"]
[EventDate "2019.11.29"]

1. d4 Nf6 2. c4 d6 3. g3 g6 4. Nc3 Bg7 5. Bg2 Nbd7 6. Nf3 O-O 7. O-O e5 8. b3
Re8 9. Ba3 exd4 10. Nxd4 Nc5 11. Qc2 c6 12. Rad1 Qc7 13. b4 Ne6 14. Nb3 Rd8 15.
Qc1 Nf8 16. b5 c5 17. Qf4 Qe7 18. Qf3 a5 19. Qd3 Be6 20. e4 Ng4 21. Nd5 Bxd5 22.
cxd5 Ne5 23. Qe2 c4 24. Nd4 Nd3 25. Nc2 Qd7 26. Rb1 Re8 27. Ne3 Bd4 28. Nxc4
Nxf2 29. Rxf2 Bxf2+ 30. Qxf2 Qg4 31. Nxd6 Re7 32. Qf6 Qd7 33. Bb2 1-0

[Event "London Classic Open 2019"]
[Site "London ENG"]
[Date "2019.11.29"]
[Round "1.69"]
[White "Haddock, Paul"]
[Black "Marusenko, Petr"]
[Result "0-1"]
[BlackTitle "IM"]
[WhiteElo "1481"]
[BlackElo "2085"]
[WhiteFideId "419150"]
[BlackFideId "14100606"]
[EventDate "2019.11.29"]

1. e4 c6 2. d4 d5 3. Nd2 dxe4 4. Nxe4 Bf5 5. Ng3 Bg6 6. h4 h6 7. Nf3 Nd7 8. Bd3
Bxd3 9. Qxd3 e6 10. Bf4 Qa5+ 11. Bd2 Qb6 12. Qb3 Ngf6 13. Qxb6 axb6 14. c4 Bd6
15. Ne2 Ne4 16. Nc3 Nxd2 17. Kxd2 Nf6 18. Rhe1 O-O 19. a3 Rfd8 20. g3 Bc5 21.
Kc2 Bxd4 22. Nxd4 Rxd4 23. b3 Kf8 24. f3 Rad8 25. Rad1 Rxd1 26. Rxd1 Rxd1 27.
Kxd1 Ke7 28. Na4 Nd7 29. Ke2 Nc5 30. Nxb6 Nxb3 31. Kd3 Kd6 32. Na4 Nc5+ 33. Nxc5
Kxc5 0-1

[Event "London Classic Open 2019"]
[Site "London ENG"]
[Date "2019.11.29"]
[Round "1.70"]
[White "Tanmay, Chopra"]
[Black "Kumar, Sanjit S"]
[Result "1-0"]
[WhiteElo "2082"]
[BlackElo "1469"]
[WhiteFideId "25630946"]
[BlackFideId "468142"]
[EventDate "2019.11.29"]

1. Nf3 d5 2. c4 e6 3. e3 Nf6 4. Nc3 c5 5. d4 Nc6 6. a3 b6 7. cxd5 exd5 8. Bb5
Bd7 9. Ne5 Nxe5 10. dxe5 Bxb5 11. Nxb5 Ne4 12. Qa4 Ke7 13. f3 Ng5 14. e4 Ne6 15.
Nd6 f6 16. exd5 fxe5 17. Nf5+ Kf6 18. dxe6 b5 19. Qh4+ Kxe6 20. Qh3 Kf7 21. O-O
Be7 22. Qh5+ g6 23. Nh6+ Kg7 24. Qxe5+ Bf6 25. Qe6 Bg5 26. Bxg5 Qxg5 27. Nf7 Qf6
28. Qxf6+ Kxf6 29. Nxh8 Rxh8 30. Rad1 Re8 31. Rd6+ Kf7 32. Rd7+ Re7 33. Rxe7+
Kxe7 34. Rd1 c4 35. Rd5 a6 36. Kf2 Ke6 37. Rd8 Ke5 38. Ke3 a5 39. f4+ Kf6 40.
Rd5 b4 41. Rxa5 c3 42. bxc3 bxc3 43. Rc5 c2 44. Rxc2 Kf5 45. Rc6 Kg4 46. a4 h5
47. Rc5 h4 48. Rg5# 1-0

[Event "London Classic Open 2019"]
[Site "London ENG"]
[Date "2019.11.29"]
[Round "1.71"]
[White "Chatterjee, Sagnik"]
[Black "Balaji, Aaravamudhan"]
[Result "0-1"]
[WhiteElo "1438"]
[BlackElo "2080"]
[WhiteFideId "64300455"]
[BlackFideId "436224"]
[EventDate "2019.11.29"]

1. d4 Nf6 2. Bf4 g6 3. Nc3 Bg7 4. e4 d5 5. e5 Ne4 6. Nxe4 dxe4 7. Bc4 c5 8. c3
Nc6 9. Ne2 O-O 10. Qd2 Na5 11. Bb3 Bg4 12. Ng3 Nxb3 13. axb3 Qd5 14. h3 Be6 15.
O-O Rfd8 16. Rfd1 a6 17. Qe3 Qxb3 18. Nxe4 cxd4 19. cxd4 Rac8 20. Qxb3 Bxb3 21.
Rd2 Bd5 22. Nc5 Bc6 23. Rad1 Bd5 24. Ra1 f6 25. Re1 a5 26. e6 b6 27. Na6 g5 28.
Bg3 Bc4 29. Nc7 f5 30. Rc1 b5 31. Na6 f4 32. Bh2 Rxd4 33. Rxd4 Bxd4 34. b3 Bxe6
35. Rxc8+ Bxc8 36. Nc7 Bd7 37. Nd5 a4 38. bxa4 bxa4 39. Nxe7+ Kf7 40. Nd5 a3 41.
Nb4 Be6 42. g3 Bc3 43. gxf4 Bxb4 44. fxg5 Bc3 0-1

[Event "London Classic Open 2019"]
[Site "London ENG"]
[Date "2019.11.29"]
[Round "1.72"]
[White "Coote, Trevor D"]
[Black "Singha Swati"]
[Result "1-0"]
[WhiteElo "2075"]
[BlackElo "1419"]
[WhiteFideId "410039"]
[BlackFideId "45013004"]
[EventDate "2019.11.29"]

1. d4 Nf6 2. Nc3 d5 3. e4 dxe4 4. f3 exf3 5. Nxf3 a6 6. Bc4 Bg4 7. Bxf7+ Kxf7 8.
Ne5+ Ke8 9. Nxg4 e6 10. Bg5 Be7 11. Nxf6+ gxf6 12. Bh4 Kd7 13. Qe2 Qg8 14. O-O-O
Kc8 15. Rhe1 Nc6 16. Qxe6+ Qxe6 17. Rxe6 Rf8 18. Nd5 Kd7 19. Rde1 Rae8 20. Bxf6
Bxf6 21. Nxf6+ Rxf6 22. Rxe8 Nxd4 23. R8e7+ Kc6 24. c3 Nf5 25. R7e6+ Rxe6 26.
Rxe6+ Kd5 27. Re2 h5 28. Kd2 c5 29. b3 b5 30. Re8 Nh4 31. Rh8 Nxg2 32. Rxh5+ Kc6
33. Rh6+ Kb7 34. h4 a5 35. h5 c4 36. bxc4 bxc4 37. Rh7+ Kc6 38. Rf7 Nh4 39. h6
Kd5 40. h7 Ng6 41. Rg7 Nh8 42. Rg8 Nf7 43. h8=Q Nxh8 44. Rxh8 Kc6 45. a4 Kb6 46.
Rc8 Ka6 47. Rxc4 Kb6 48. Kd3 Ka6 49. Kd4 Kb6 50. Kd5 Ka6 51. Kc6 Ka7 52. Kc7 Ka6
53. Rc6+ Ka7 54. c4 1-0

[Event "London Classic Open 2019"]
[Site "London ENG"]
[Date "2019.11.29"]
[Round "1.73"]
[White "Lim, Kai Jun"]
[Black "Semprun Martinez, Fernando"]
[Result "0-1"]
[WhiteElo "1356"]
[BlackElo "2071"]
[WhiteFideId "5819296"]
[BlackFideId "2203170"]
[EventDate "2019.11.29"]

1. e4 c5 2. Nf3 Nc6 3. d4 cxd4 4. Nxd4 g6 5. Nb3 Bg7 6. Nc3 Nf6 7. Be2 O-O 8.
O-O a5 9. a4 d6 10. Re1 Be6 11. Bf1 d5 12. e5 Ng4 13. h3 Ngxe5 14. Nb5 Bf5 15.
c3 Nc4 16. N3d4 Bd7 17. b3 Nb6 18. Ba3 Re8 19. Qd2 e5 20. Nxc6 Bxc6 21. Rad1 Qd7
22. Qc2 Nc8 23. c4 d4 24. Bb2 Nd6 25. Ba3 Nf5 26. Bd3 Nh4 27. Be4 f5 28. Bd5+
Bxd5 29. cxd5 Rac8 30. Qe2 Qxd5 31. f3 Qxb3 32. Nd6 Qxa3 33. Nxe8 Rxe8 34. Rxd4
Qc5 35. Qf2 e4 36. Rdd1 Qxf2+ 37. Kxf2 Bh6 38. Kg3 g5 39. f4 Nxg2 40. Kxg2 gxf4
41. Rd7 Rc8 42. Rb1 f3+ 43. Kg3 f4+ 44. Kg4 f2 45. Rdxb7 f3 46. Kg3 Rf8 47. Kxf2
e3+ 48. Kf1 Bg5 49. h4 e2+ 50. Kf2 Bxh4+ 51. Kg1 f2+ 52. Kh2 e1=Q 53. Rxe1
fxe1=Q 0-1

[Event "London Classic Open 2019"]
[Site "London ENG"]
[Date "2019.11.29"]
[Round "1.74"]
[White "Wilks, Simon"]
[Black "Rahman, Yad"]
[Result "1-0"]
[WhiteElo "2071"]
[BlackElo "1303"]
[WhiteFideId "427357"]
[BlackFideId "467626"]
[EventDate "2019.11.29"]

1. e4 e6 2. d4 d5 3. Nc3 Bb4 4. exd5 exd5 5. Bd3 Nf6 6. Bg5 c6 7. Ne2 O-O 8. O-O
h6 9. Bh4 Nbd7 10. a3 Bd6 11. Bg3 Bxg3 12. Nxg3 Nb6 13. b3 Re8 14. Qd2 Qc7 15.
Rfe1 Bd7 16. a4 a5 17. f3 Qd6 18. Rxe8+ Rxe8 19. Nce2 Nc8 20. Qxa5 b6 21. Qd2 c5
22. Qf4 Qxf4 23. Nxf4 Nd6 24. dxc5 bxc5 25. Rd1 d4 26. Bf1 Nf5 27. Nxf5 Bxf5 28.
Bd3 Bxd3 29. Nxd3 Rc8 30. Nb2 Nd5 31. Nc4 Re8 32. Kf2 Nc3 33. Re1 Rxe1 34. Kxe1
Nd5 35. Kd2 Kf8 36. a5 Nc7 37. Nd6 Ke7 38. Ne4 Na6 39. Kd3 f5 40. Ng3 Ke6 41.
Kc4 Nb4 42. Kxc5 Nxc2 43. a6 d3 44. Nf1 1-0

[Event "London Classic Open 2019"]
[Site "London ENG"]
[Date "2019.11.29"]
[Round "1.75"]
[White "Maze, Sebastien"]
[Black "Mirzoyan, Davit T."]
[Result "1/2-1/2"]
[WhiteTitle "GM"]
[BlackTitle "FM"]
[WhiteElo "2541"]
[BlackElo "2388"]
[WhiteFideId "613762"]
[BlackFideId "13308386"]
[EventDate "2019.11.29"]

1. e4 e6 2. d4 d5 3. Nc3 Nf6 4. Bg5 dxe4 5. Nxe4 Be7 6. Bxf6 gxf6 7. Qd2 b6 8.
O-O-O Bb7 9. Nc3 c6 10. f4 f5 11. g3 Nd7 12. Bg2 Qc7 13. Qe2 O-O-O 14. d5 Nc5
15. dxe6 Rxd1+ 16. Qxd1 fxe6 17. Nf3 Bf6 18. Qe1 Qg7 19. Qe3 Ne4 20. Ne5 Bxe5
21. fxe5 Nxc3 22. bxc3 Rd8 23. Rd1 Rxd1+ 24. Kxd1 1/2-1/2

[Event "London Classic Open 2019"]
[Site "London ENG"]
[Date "2019.11.30"]
[Round "2.1"]
[White "McClement, Andrew"]
[Black "Aravindh, Chithambaram VR."]
[Result "0-1"]
[BlackTitle "GM"]
[WhiteElo "2226"]
[BlackElo "2605"]
[WhiteFideId "2400480"]
[BlackFideId "5072786"]
[EventDate "2019.11.29"]

1. Nf3 d5 2. c4 d4 3. b4 f6 4. Bb2 e5 5. a3 c5 6. bxc5 Nc6 7. d3 Bxc5 8. g3 Nh6
9. Bg2 O-O 10. O-O Be6 11. Nbd2 Qd7 12. Qa4 Nf7 13. Rfc1 Rab8 14. Rab1 Rfc8 15.
Nb3 Be7 16. Ne1 Bh3 17. Bh1 h5 18. Na5 Nxa5 19. Qxa5 Bc5 20. Ba1 b6 21. Qa6 h4
22. a4 hxg3 23. hxg3 g6 24. Rb5 Nd6 25. Rb3 Rc7 26. Bd5+ Kg7 27. f3 Qe7 28. g4
f5 29. a5 Qh4 30. f4 Qg3+ 31. Bg2 Ne4 32. dxe4 d3+ 33. Kh1 Bxg2+ 34. Nxg2 Qh3# 0-1

[Event "London Classic Open 2019"]
[Site "London ENG"]
[Date "2019.11.30"]
[Round "2.4"]
[White "Smirnov, Anton"]
[Black "Dong, Bao Nghia"]
[Result "1-0"]
[WhiteTitle "GM"]
[WhiteElo "2573"]
[BlackElo "2217"]
[WhiteFideId "3208923"]
[BlackFideId "12400343"]
[EventDate "2019.11.29"]

1. e4 e6 2. d4 d5 3. Nc3 dxe4 4. Nxe4 Bd7 5. Nf3 Bc6 6. Bd3 Nd7 7. c3 h6 8. Bf4
Ngf6 9. Nxf6+ Nxf6 10. Ne5 Bxg2 11. Rg1 Be4 12. Bxe4 Nxe4 13. Qf3 Nd6 14. c4 g5
15. Bg3 Bg7 16. O-O-O Qf6 17. Qb3 Rd8 18. c5 Nf5 19. Qb5+ c6 20. Qxb7 O-O 21.
Nxc6 Nxd4 22. Nxd8 Rxd8 23. Rd2 Rd5 24. Qb4 Qf5 25. Bd6 Be5 26. Qc4 Bxd6 27.
cxd6 Qf4 28. Rd1 Rxd6 29. Kb1 e5 30. a3 Qxh2 31. Qc7 Rd5 32. Qxa7 Qg2 33. Qa8+
Kg7 34. Ka2 Qe4 35. Rd3 g4 36. Re3 Qc2 37. Qxd5 Qxd1 38. Rxe5 Qd2 39. Re4 Qxf2
40. Rxg4+ 1-0

[Event "London Classic Open 2019"]
[Site "London ENG"]
[Date "2019.11.30"]
[Round "2.10"]
[White "Song, Raymond"]
[Black "Karamazondo, Ernest"]
[Result "1-0"]
[WhiteTitle "IM"]
[WhiteElo "2468"]
[BlackElo "1972"]
[WhiteFideId "3203824"]
[BlackFideId "447340"]
[EventDate "2019.11.29"]

1. Nf3 Nf6 2. c4 c5 3. Nc3 Nc6 4. e3 d6 5. d4 Bg4 6. Be2 e6 7. d5 exd5 8. cxd5
Nb8 9. e4 Nbd7 10. O-O Be7 11. Nd2 Bxe2 12. Qxe2 a6 13. a4 O-O 14. f4 Re8 15.
Kh1 Bf8 16. Qf3 g6 17. a5 Qe7 18. b3 b5 19. axb6 Nxb6 20. Bb2 Bg7 21. e5 Nfd7
22. Nde4 dxe5 23. f5 f6 24. Qg4 g5 25. h4 gxh4 26. Rf3 Kh8 27. Qxh4 Rg8 28. Rh3
Bf8 29. g4 Qg7 30. Rg1 Be7 31. Bc1 Qf7 32. Rg2 Rac8 33. Rgh2 Nf8 34. Bh6 Nbd7
35. d6 Bd8 36. Qh5 Qxh5 37. gxh5 c4 38. b4 Rb8 39. Rg2 Rxb4 40. Rhg3 Rxg3 41.
Rxg3 Bb6 42. Nd5 1-0

[Event "London Classic Open 2019"]
[Site "London ENG"]
[Date "2019.11.30"]
[Round "2.13"]
[White "Goh, Zi Han"]
[Black "Pert, Richard G"]
[Result "0-1"]
[WhiteTitle "CM"]
[BlackTitle "IM"]
[WhiteElo "2134"]
[BlackElo "2436"]
[WhiteFideId "5819156"]
[BlackFideId "404748"]
[EventDate "2019.11.29"]

1. d4 d5 2. c4 e6 3. Nc3 c5 4. cxd5 cxd4 5. Qxd4 Nc6 6. Qd1 exd5 7. Qxd5 Qc7 8.
Nb5 Qb6 9. Nd6+ Bxd6 10. Qxd6 Nd4 11. Qe5+ Be6 12. Qxg7 O-O-O 13. e4 Qb4+ 14.
Bd2 Nc2+ 15. Ke2 Qxe4+ 16. Kd1 Nxa1 17. Qxh8 Bg4+ 0-1

[Event "London Classic Open 2019"]
[Site "London ENG"]
[Date "2019.11.30"]
[Round "2.14"]
[White "Kirk, Ezra"]
[Black "Ratnesan, Ranesh"]
[Result "1/2-1/2"]
[WhiteTitle "IM"]
[WhiteElo "2433"]
[BlackElo "2180"]
[WhiteFideId "600067"]
[BlackFideId "439339"]
[EventDate "2019.11.29"]

1. e4 c5 2. Nf3 d6 3. Bb5+ Nc6 4. O-O Bd7 5. Re1 Nf6 6. c3 a6 7. Bf1 e5 8. h3 g5
9. d4 g4 10. hxg4 Bxg4 11. dxe5 dxe5 12. Qxd8+ Rxd8 13. Bg5 Be7 14. Nbd2 Rg8 15.
Bxf6 Bxf6 16. Be2 Kd7 17. Nc4 Kc7 18. Ne3 Be6 19. Bc4 b5 20. Nd5+ Bxd5 21. Bxd5
Rd7 22. a4 Rb8 23. axb5 axb5 24. Ra6 Rb6 25. Rea1 Nd8 26. Ra7+ Kd6 27. Nh2 Bg5
28. Rxd7+ Kxd7 29. Ra7+ Ke8 30. Ng4 Bf4 31. g3 Rg6 32. Nh2 Bc1 33. b4 cxb4 34.
cxb4 Rxg3+ 35. Kf1 Rg6 36. Nf3 Bf4 37. Nh4 Rb6 38. Nf5 Bg5 39. Kg2 Rg6 40. Kh3
h6 41. Ra8 Be7 42. Nxe7 Kxe7 43. Rb8 Ne6 44. Bxe6 Kxe6 45. Rb6+ Ke7 46. Rxb5 f6
47. Rb7+ Ke6 48. Rb6+ Ke7 49. Rc6 Rg1 50. b5 Rb1 51. b6 Rb4 52. f3 Rb3 53. Kg2
h5 54. Rc7+ Kd6 55. Rf7 Ke6 56. Rb7 f5 57. Rh7 fxe4 58. fxe4 Kd6 59. b7 Kc6 60.
Rxh5 Kxb7 61. Rxe5 Kc6 62. Rd5 Re3 63. Rd4 Kc5 64. Ra4 Kd6 65. Kf2 Rb3 66. Ra5
Ke6 67. Ke2 Rh3 68. Rd5 Ra3 69. Rd3 Rxd3 70. Kxd3 1/2-1/2

[Event "London Classic Open 2019"]
[Site "London ENG"]
[Date "2019.11.30"]
[Round "2.15"]
[White "Cherniaev, Alexander"]
[Black "Osborne, Marcus E"]
[Result "1-0"]
[WhiteTitle "GM"]
[WhiteElo "2428"]
[BlackElo "2166"]
[WhiteFideId "4117301"]
[BlackFideId "404608"]
[EventDate "2019.11.29"]

1. d4 d5 2. Nf3 c6 3. c4 Nf6 4. g3 Bg4 5. Bg2 e6 6. O-O Nbd7 7. Qb3 Qb6 8. Nc3
Be7 9. Bf4 O-O 10. Rfe1 Rfd8 11. c5 Qxb3 12. axb3 Ne4 13. b4 Bf5 14. Nh4 Bxh4
15. gxh4 Ndf6 16. f3 Nxc3 17. bxc3 Bc2 18. Ra3 h6 19. Kf2 Re8 20. Bd6 a6 21. Ke3
Nd7 22. Kd2 Bg6 23. Rg1 Kh7 24. e4 f5 25. exd5 exd5 26. Bh3 Nf6 27. Raa1 Re6 28.
Rg2 Rae8 29. Rag1 Nh5 30. Rxg6 Rxg6 31. Bxf5 Re6 32. Be5 1-0

[Event "London Classic Open 2019"]
[Site "London ENG"]
[Date "2019.11.30"]
[Round "2.16"]
[White "Gschnitzer, Adrian"]
[Black "Walker, Martin G"]
[Result "0-1"]
[WhiteTitle "FM"]
[BlackTitle "FM"]
[WhiteElo "2422"]
[BlackElo "2162"]
[WhiteFideId "1270337"]
[BlackFideId "410969"]
[EventDate "2019.11.29"]

1. e4 e5 2. Nc3 Nf6 3. g3 Bc5 4. Bg2 O-O 5. Nge2 d6 6. O-O a6 7. h3 Nc6 8. d3
Nd4 9. Kh2 b5 10. Nxd4 Bxd4 11. Ne2 Bb6 12. f4 Bb7 13. fxe5 dxe5 14. g4 Nd7 15.
Ng3 f6 16. h4 Nc5 17. Bh3 Bc8 18. Qe2 Ne6 19. Qg2 c5 20. g5 Nf4 21. Bxf4 exf4
22. Nh5 fxg5 23. hxg5 Bc7 24. Rf3 Be5 25. Raf1 Qd6 26. Bxc8 Raxc8 27. Qg4 Rc7
28. c3 Rcf7 29. Re1 g6 30. Nf6+ Bxf6 31. gxf6 Qxf6 32. e5 Qe7 33. d4 cxd4 34.
cxd4 Rf5 35. Rg1 Qf7 36. b3 Kh8 37. Re1 Qd5 38. Rh3 Qxd4 39. Rg1 Qd7 40. Qxg6
Rxe5 41. Qc2 Qe7 42. Qb2 Rf6 43. Qc3 Re2+ 44. Rg2 Rxg2+ 45. Kxg2 f3+ 0-1

[Event "London Classic Open 2019"]
[Site "London ENG"]
[Date "2019.11.30"]
[Round "2.21"]
[White "Pollack, Oscar"]
[Black "Bradbury, Neil H"]
[Result "1-0"]
[BlackTitle "IM"]
[WhiteElo "2112"]
[BlackElo "2326"]
[WhiteFideId "429414"]
[BlackFideId "400513"]
[EventDate "2019.11.29"]

1. e4 c5 2. Nf3 e6 3. d4 cxd4 4. Nxd4 a6 5. Bd3 Qc7 6. O-O Nf6 7. Re1 Bc5 8. Nb3
Bd6 9. h3 b5 10. a4 bxa4 11. Rxa4 Nc6 12. N1d2 O-O 13. Nc4 Bh2+ 14. Kh1 d5 15.
exd5 exd5 16. Ne3 Be6 17. Nf1 Be5 18. Rh4 h6 19. Bxh6 gxh6 20. Qd2 Ne4 21. Bxe4
dxe4 22. Qxh6 Rfd8 23. Nc5 Bf5 24. Nxe4 Bg7 25. Nf6+ Kf8 26. Qg5 Bg6 27. Qc5+
Rd6 28. Rd4 Rd8 29. Rxd6 1-0

[Event "London Classic Open 2019"]
[Site "London ENG"]
[Date "2019.11.30"]
[Round "2.22"]
[White "Zujev, Oleg"]
[Black "Tanmay, Chopra"]
[Result "1-0"]
[WhiteTitle "FM"]
[WhiteElo "2316"]
[BlackElo "2082"]
[WhiteFideId "12801585"]
[BlackFideId "25630946"]
[EventDate "2019.11.29"]

1. d4 Nf6 2. c4 e6 3. Nc3 Bb4 4. e3 O-O 5. Ne2 d5 6. a3 Bd6 7. Ng3 c5 8. dxc5
Bxc5 9. Be2 Nc6 10. b4 Bd6 11. Bb2 a6 12. O-O dxc4 13. Bxc4 b5 14. Bb3 Bb7 15.
f4 Ne7 16. e4 Bc7 17. Qe2 Bb6+ 18. Kh1 Nc6 19. Ba2 Ra7 20. Nh5 Nxh5 21. Qxh5 Nd4
22. Rad1 Qa8 23. Nd5 exd5 24. Rxd4 Qd8 25. Qg4 g6 26. Qd1 Ra8 27. Bxd5 Bxd5 28.
Rxd5 Qe7 29. Qf3 Rac8 30. f5 Rc4 31. Be5 Qh4 32. fxg6 hxg6 33. Bd6 Bc7 34. g3 1-0

[Event "London Classic Open 2019"]
[Site "London ENG"]
[Date "2019.11.30"]
[Round "2.23"]
[White "Seymour, Timothy P"]
[Black "Cox, John J"]
[Result "0-1"]
[BlackTitle "IM"]
[WhiteElo "2107"]
[BlackElo "2306"]
[WhiteFideId "412112"]
[BlackFideId "401064"]
[EventDate "2019.11.29"]

1. c4 g6 2. d4 Bg7 3. Nf3 c5 4. d5 d6 5. e3 e6 6. Nc3 exd5 7. cxd5 Nf6 8. Be2
O-O 9. Nd2 Na6 10. O-O Nc7 11. e4 Rb8 12. a4 b6 13. Nc4 Ba6 14. Bg5 Qd7 15. f4
Bxc4 16. Bxc4 a6 17. e5 Nfe8 18. e6 fxe6 19. dxe6 Nxe6 20. Qb3 Nc7 21. Rae1 Rfe8
22. Nd5 b5 23. axb5 axb5 24. Nxc7 bxc4 25. Qxc4 Bd4+ 26. Kh1 Qxc7 27. Rxe6 Qf7
28. Rfe1 Rxe6 29. Rxe6 Rxb2 30. h4 Rb1+ 31. Kh2 Re1 0-1